| 000 | 00989nam a22003017a 4500 | ||
|---|---|---|---|
| 003 | CHAP | ||
| 005 | 20220329143715.0 | ||
| 008 | 110316s1974 us r 00010 eng d | ||
| 010 | _a100661 | ||
| 011 | _a101633 | ||
| 020 | _a0853501149 | ||
| 035 | _a112321 | ||
| 040 | _cCHAP | ||
| 082 | 0 | 0 |
_a050 _bE10 1974 |
| 110 | 2 |
_aE.U.A. National Agricultural Library _934948 |
|
| 245 | 1 | 0 |
_aSerials currently received _c/por National Agricultural Library |
| 260 |
_aWashington, D.C. : _bNational Agricultural Library, _c1974 |
||
| 300 | _a1215 p. | ||
| 590 |
_aBATCH-UPD _b10 _c20130110 _lUCH01 _h1426 |
||
| 590 |
_aBATCH-UPD _b10 _c20130410 _lUCH01 _h0905 |
||
| 590 |
_aBATCH-UPD _b10 _c20130914 _lUCH01 _h0934 |
||
| 590 |
_aCONVERSION _b10 _c20130109 _lUCH01 _h1355 |
||
| 650 | 1 | 4 |
_aCiencia _xPublicaciones periódicas. _923133 |
| 650 | 1 | 4 |
_aPublicaciones periódicas _xBibliografía. _992716 |
| 901 | _aBK | ||
| 942 | _cLIBRO | ||
| 949 |
_a050 E10 1974 _bBC _cC _d33724002235132 _eC _h4372 _i112321 _sb |
||
| 999 |
_c100661 _d100661 |
||